Statistics for 2012 Baltimore Ravens

Click here to take the quiz!

General Stats

  • This quiz has been taken 178 times
  • The average score is 8 of 21

Answer Stats

HintAnswer% Correct
QBJoe Flacco
98%
ILBRay Lewis
90%
RBRay Rice
86%
FSEd Reed
78%
OLBTerrell Suggs
69%
COACHJohn Harbaugh
68%
KRJacoby Jones
59%
RGMarshal Yanda
46%
DEHaloti Ngata
38%
FBVonta Leach
36%
RTMichael Oher
31%
CMatt Birk
24%
SSBernard Pollard
20%
CBCorey Graham
16%
LTBryant McKinnie
13%
LGKelechi Osemele
13%
CBCary Williams
11%
DEArthur Jones
10%
OLBCourtney Upshaw
9%
ILBDannell Ellerbe
8%
DTMa'ake Kemoeatu
3%

Score Distribution

Percentile by Number Answered

Percent of People with Each Score

Your Score History

You have not taken this quiz